| 000 | 00356nam a2200145Ia 4500 | ||
|---|---|---|---|
| 008 | 240624s9999 xx 000 0 und d | ||
| 041 | _aeng | ||
| 082 | _a658.575 GAT | ||
| 100 | _aGATIGNON HUBERT | ||
| 245 | _aNEW PRODUCTS AND SERVICES DEVELOPMENT | ||
| 260 |
_c2011 _aLondon _bSage |
||
| 300 | _alvi, 357 p.; 24 cm. | ||
| 365 |
_cBPS _b38 |
||
| 440 | _v4 | ||
| 999 |
_c29121 _d29121 |
||